| 000 | 01066nam a2200325 i 4500 | ||
|---|---|---|---|
| 001 | 12551 | ||
| 003 | KOSZ 005 | ||
| 005 | 20240405063013.0 | ||
| 008 | 070616s1969 pl f 000 0 pol | ||
| 015 | _aPB 1970/26 | ||
| 040 |
_aWA N _cWA N _dKOSZ 005/ID _dKOSZ 005/HR |
||
| 080 | _a005 | ||
| 100 | 1 |
_aGabara, Wacław _d(1923-1997) _eAutor |
|
| 245 | 1 | 0 |
_aProces przystosowawczy organizacji do środowiska / _cWacław Gabara. |
| 260 |
_aWarszawa : _bPaństwowe Wydawnictwo Ekonomiczne, _c1969. |
||
| 300 |
_a283, [1] s. ; _c18 cm. |
||
| 380 | _aKsiążki | ||
| 388 | _a1901-2000 | ||
| 388 | _a1945-1989 | ||
| 504 | _aBibliogr. s.279-[282]. | ||
| 648 | _a1901-2000 | ||
| 648 | _a1945-1989 | ||
| 650 | 4 | _aAdaptacja społeczna | |
| 650 | 4 | _aOrganizacja | |
| 651 | 4 | _aPolska | |
| 658 | _aZarządzanie i marketing | ||
| 710 | 2 |
_aPaństwowe Wydawnictwo Ekonomiczne _4pbl. |
|
| 856 |
_uhttp://koha.tu.koszalin.pl/cgi-bin/koha/opac-detail.pl?biblionumber=12551 _yKatalog online BPK |
||
| 942 |
_2UKD _cKS |
||
| 999 |
_c12551 _d12551 |
||